| 000 | 00653nam a2200181 a 4500 | ||
|---|---|---|---|
| 005 | 20140412111330.0 | ||
| 008 | 030116s19uu xx 00 eng d | ||
| 020 | _a971-569-255-9 | ||
| 050 |
_aTR(GS 809.89 _bB638 1997 |
||
| 100 | _aBlanco, Marivi Soliven | ||
| 245 |
_aThe war of the rose people / _cwritten by Marivi Soliven Blanco ; pictures by Bernadette C. Solina. |
||
| 260 |
_aMakati City, Philippines : _bBookmark, Inc, _c1997. |
||
| 300 | _a1 v. (unp.) ; ill. | ||
| 650 | _aChildren stories, Philippine (English) | ||
| 650 | _aChildren's Literature, Philippine (English) | ||
| 650 | _aShort stories, Philippine (English) | ||
| 999 |
_c104892 _d104892 |
||